| 000 | 00533nam a2200181 a 4500 | ||
|---|---|---|---|
| 008 | 951205s1974||||[C 0 fre c | ||
| 020 | _c99 | ||
| 040 |
_aSNK _bslo _cSNK _eAACR2 |
||
| 041 | 1 |
_aslo _hslo |
|
| 044 |
_axo _cSK |
||
| 080 | _a840-3 | ||
| 100 | 1 |
_aDruon, Maurice _4aut |
|
| 245 | 1 | 0 |
_aPrekliati králi 1 _bŽelezný kráľ _cMaurice Druon ; Lea Škanderová, Ján Krížik |
| 260 |
_aBratislava _bSlovenský spisovateľ _c1974 _eNitra _fNitrianske tlačiarne |
||
| 700 | 1 | _4trl | |
| 700 | 1 |
_aKrížik, Ján _4bkd |
|
| 958 | _aA | ||
| 999 |
_c10413 _d10413 |
||